000 00580nam a2200241Ia 4500
003 OSt
005 20221007100715.0
006 a|||||r|||| 00| 0
007 ta
008 221006b |||||||| |||| 00| 0 eng d
024 _a4,947
037 _cTextual
040 _aLCO
_cLCO
_beng
041 _2eng
_aeng
082 _aW6,1:3, L7
100 _aDAS B C
245 0 _aThe president of India
260 _aDelhi
_bS Chand & company
_c1977
300 _a499
650 _aPRESIDENT
942 _hW6,1:3, L7
_cTEXL
999 _c1174510
_d1174510